000 00368nam a22001457a 4500
020 _a978-81-203-2614-9
041 _aENG
100 _aGeankoplis .C.J
245 _aTransport Processes And Separation Process Principles
250 _aFourth ED
260 _aNew Delhi
_bPhi Learning Private Lim
_c2011
300 _a1026
650 _aAPE
856 _uAPE ( 09 )
999 _c1661
_d1661